000 01466cam a22004454i 4500
003 PE-LiUPU
005 20250731173543.0
008 150616s r 000 0 d
035 _a(Sirsi) a9154
040 _aPE-LiUPU
_bspa
_cPE-LiUPU
_erda
049 _aPRUA
082 0 4 _a294.5
_bL44
_221
100 1 _aLemaître, Solange,
_eautor.
245 1 0 _aHindouisme ou Sanatana Dharma /
_cSolange Lemaître.
264 1 _aParís :
_bLibraire Arthéme Fayard,
_c1957.
300 _a123 páginas ;
_c20 cm.
336 _atext
_2rdacontent
337 _aunmediated
_2rdamedia
338 _avolume
_2rdacarrier
505 0 _aLes Vedas.- Les Textes.- Les Brahmanas.- La Smriti.- Le divin.- Le création.- Le Karman.- Les yogas.
526 _aSEG42
526 _aSEG41
526 _aSEG40
526 _aSEG39
526 _aP94
526 _aP87
526 _aP86
526 _aP85
526 _aP77
526 _aP76
526 _aP35
650 0 4 _aHinduísmo.
910 _ajck
_bjvq
_cjck
942 _2ddc
_cBOOK
949 _a294.5 L44
_wDEWEY
_c1
_i42733
_lCCODEBUL1
_mBUL
_p00.00
_r0
_sY
_tBOOK
_u19970304
_xTEOLOGIA
_zUNKNOWN
_0COMPRA
_o.STAFF. Colección General
994 _aC0
_bPEPRU
596 _a1
999 _a294.5 L44
_wDEWEY
_c60577
_i42733
_f2021-11-12
_g5
_lCCODEBUL1
_mBUL
_r0
_sY
_tBOOK
_u2015-6-16
_xTEOLOGIA
_zUNKNOWN
_0COMPRA
_o.STAFF. Colección General
_d60577
980 _81
_gALBERTO SANCHEZ Responsable de Automatización